| 000 | 01235nac a22002531u 4500 | ||
|---|---|---|---|
| 999 |
_c5472 _d5472 |
||
| 003 | EG-ScBUE | ||
| 005 | 20201108120821.0 | ||
| 008 | 110214s1904 ua f 000 0 ara d | ||
| 040 |
_aEG-ScBUE _bara _erda _cEG-ScBUE _dEG-ScBUE |
||
| 082 | 0 | 4 |
_a892.714 _bش ر ب _222 |
| 100 | 1 |
_aالشربيني ، يوسف بن محمد بن عبد الجواد بن خضر، _4مؤلف. _922229 |
|
| 245 |
_aهذا كتاب هز القحوف في شرح قصيد أبي شادوف / _cللعلامة الشيخ يوسف بن محمد بن عبد الجواد بن خضر الشربيني عفا الله عنه. |
||
| 250 | _aالطبعة الأولى. | ||
| 264 | 1 |
_aالقاهرة : _bالمطبعة العامرة الشرفية، _c[1904] |
|
| 300 |
_a259 صفحة : _c24 سم |
||
| 336 |
_2rdacontent _aنص _btxt |
||
| 337 |
_2rdamedia _aبدون وسيط _bn |
||
| 338 |
_2rdacarrier _aمجلد _bnc |
||
| 500 | _aطبع على ذمة حضرة حسين أفندي شرف الكتبي بشارع الأزهر بمصر. | ||
| 650 | 7 |
_aالشعر العربي _xدواوين وقصائد _yالعصر العثماني _zمصر. _2BUEsh _922230 |
|
| 653 |
_bARALIT _cNovember2020 |
||
| 655 |
_vReading book _934232 |
||
| 942 |
_cBB _k811.84 ش ر ب _2ddc |
||